Religion Quiz

Random Religion or Letter Quiz
Score 0/23 Timer 04:00
2 Plays Today
Letter Term % Correct
TThor
93.2%
OOdin
84%
LLoki
76.9%
VValhalla
68.7%
IIceland
61.1%
AAsgard
59.4%
FFreyja
49.4%
RRagnarök
44.1%
DDwarfs
43.9%
MMjölnir
42.2%
EElves
37.6%
HHelheim
36.9%
Letter Term % Correct
BBaldur
34.7%
YYggdrasil
32.3%
JJötunheim
23.3%
SSiegfried
13.6%
WWyrm
13.6%
PProse Edda
11.8%
UUrðr
6.9%
CCycle
6.3%
KKvasir
4.8%
GGunnar
4.7%
NNibelungen
4.6%
Remove Ads.
Support Sporcle.
Get the best of Sporcle when you Go Orange. This ad-free experience offers more features, more stats, and more fun while also helping to support Sporcle. Thank you for becoming a member.

You're not logged in!

Compare scores with friends on all Sporcle quizzes.
OR
Log In

Sporcle TV

Today on Sporcle TV


Watch our educational content, quiz creation guides, and fun videos on Sporcle TV.

Show Comments

Extras

Top Quizzes Today


Score Distribution

Paid Content

Your Account Isn't Verified!

In order to create a playlist on Sporcle, you need to verify the email address you used during registration. Go to your Sporcle Settings to finish the process.

Report this User

Report this user for behavior that violates our Community Guidelines.

Details: